[Event "Canadian zt"]
[Site "Toronto"]
[Date "2024.03.28"]
[Round "2"]
[White "Panjwani, Raja"]
[Black "Doknjas, Neil"]
[Result "1-0"]
[WhiteElo "2468"]
[BlackElo "2273"]
[PlyCount "111"]
[EventDate "2024.03.27"]
[EventType "team-swiss"]
[EventRounds "10"]
[EventCountry "CAN"]
[SourceTitle "CB15_2024"]
[SourceDate "2024.04.10"]
[SourceVersion "1"]
[SourceVersionDate "2024.04.10"]
[SourceQuality "1"]

1. Nf3 d5 2. d4 Nf6 3. c4 e6 4. g3 Be7 5. Bg2 0-0 6. 0-0 dxc4 7. Qc2 a6 8. a4 Bd7 9. Qxc4 Bc6 10. Bg5 Nbd7 11. Nc3 h6 12. Bxf6 Nxf6 13. Rfd1 Bd5 14. Qd3 Bxf3 15. Bxf3 c6 16. Nb1 Qd6 17. Na3 Rad8 18. Nc4 Qb4 19. Qc3 Nd5 20. Qxb4 Nxb4 21. e3 b5 22. Ne5 Rc8 23. Rdc1 c5 24. Nd7 Rfd8 25. Nxc5 Bxc5 26. Rxc5 Rxc5 27. dxc5 Rc8 28. axb5 axb5 29. Rc1 Nd3 30. Rc3 Nxb2 31. Rb3 Na4 32. c6 Nb6 33. Rxb5 Nd5 34. Rc5 Kf8 35. e4 Nb4 36. e5 Nd3 37. Rb5 f6 38. exf6 gxf6 39. Bg2 Ne5 40. Rb6 Ke7 41. f4 Nf7 42. Rb7+ Ke8 43. Bf3 Nd8 44. Rh7 Kf8 45. Rh8+ Ke7 46. Kg2 f5 47. Kh3 Kd6 48. Kh4 Rb8 49. Re8 Rc8 50. Kh5 Rb8 51. Kg6 Rc8 52. Kf6 Rb8 53. Re7 Rc8 54. Rd7+ Kc5 55. c7 Nc6 56. Bxc6 1-0

[Event "Canadian zt"]
[Site "Toronto"]
[Date "2024.03.28"]
[Round "3"]
[White "Thavandiran, Shiyam"]
[Black "Panjwani, Raja"]
[Result "1-0"]
[WhiteElo "2347"]
[BlackElo "2468"]
[PlyCount "113"]
[EventDate "2024.03.27"]
[EventType "team-swiss"]
[EventRounds "10"]
[EventCountry "CAN"]
[SourceTitle "CB15_2024"]
[SourceDate "2024.04.10"]
[SourceVersion "1"]
[SourceVersionDate "2024.04.10"]
[SourceQuality "1"]

1. e4 c5 2. Nf3 Nc6 3. d4 cxd4 4. Nxd4 Nf6 5. Nc3 e5 6. Ndb5 d6 7. Nd5 Nxd5 8. exd5 Nb8 9. c4 a6 10. Nc3 Be7 11. Be2 0-0 12. 0-0 Nd7 13. Kh1 f5 14. f4 Bf6 15. Qc2 exf4 16. Bxf4 Be5 17. Qd2 Bxf4 18. Qxf4 Qf6 19. Rae1 Ne5 20. Qd4 Nd7 21. Qe3 Ne5 22. Qb6 Qd8 23. Qd4 Qa5 24. a3 b6 25. b4 Qxa3 26. Ra1 Qxb4 27. Na4 Rb8 28. Rfb1 Qa5 29. Rxb6 Rxb6 30. Nxb6 Qb4 31. h3 f4 32. Nxc8 Rxc8 33. Qxf4 Qb2 34. Qf1 Rf8 35. Qe1 Nd7 36. Bg4 Nc5 37. Rd1 Qf6 38. Be6+ Kh8 39. Kg1 Qf4 40. Bg4 Qxc4 41. Qe7 Qf4 42. Be2 h6 43. Bd3 Kg8 44. Bb1 a5 45. Qe2 a4 46. Qc2 Qe3+ 47. Kh1 Rf6 48. Qh7+ Kf7 49. Bf5 a3 50. Rf1 Qg5 51. g4 Ne4 52. Be6+ Ke7 53. Re1 Nf2+ 54. Kg2 Qd2 55. Qxg7+ Ke8 56. Bd7+ Kd8 57. Qxf6+ 1-0

[Event "Cappelle op 40th"]
[Site "Cappelle la Grande"]
[Date "2024.03.06"]
[Round "7"]
[White "Panjwani, Raja"]
[Black "Molenda, Marcin"]
[Result "1-0"]
[WhiteElo "2468"]
[BlackElo "2377"]
[PlyCount "75"]
[EventDate "2024.03.02"]
[EventType "swiss"]
[EventRounds "9"]
[EventCountry "FRA"]
[SourceTitle "CB11_2024"]
[SourceDate "2024.03.13"]
[SourceVersion "1"]
[SourceVersionDate "2024.03.13"]
[SourceQuality "1"]

1. Nf3 d5 2. g3 Nf6 3. Bg2 c5 4. 0-0 e6 5. c4 d4 6. e3 Nc6 7. exd4 cxd4 8. d3 Bd6 9. Bg5 h6 10. Bxf6 Qxf6 11. Nbd2 Qe7 12. Re1 0-0 13. a3 a5 14. Nb3 Qf6 15. c5 Bc7 16. Rc1 Rd8 17. Nfd2 Bd7 18. Nc4 Be8 19. Nbd2 Qe7 20. Ne4 Rab8 21. f4 b5 22. cxb6 Bxb6 23. f5 Bc7 24. Ned2 Rb5 25. fxe6 fxe6 26. Qg4 Ne5 27. Nxe5 Bxe5 28. Bc6 Rxb2 29. Nc4 Bxc6 30. Nxb2 Ba8 31. Rxe5 Qb7 32. Qxe6+ Kh8 33. Re4 Qxb2 34. Rc8 Qb1+ 35. Kf2 Rxc8 36. Qxc8+ Kh7 37. Qf5+ Kg8 38. Re8# 1-0

[Event "Newcastle Northumbria Masters GM"]
[Site "Newcastle on Tyne"]
[Date "2023.08.24"]
[Round "1"]
[White "Panjwani, Raja"]
[Black "Trost, Edvin"]
[Result "0-1"]
[WhiteElo "2469"]
[BlackElo "2442"]
[PlyCount "58"]
[EventDate "2023.08.24"]
[EventType "schev"]
[EventRounds "9"]
[EventCountry "ENG"]
[SourceTitle "EXT 2024"]
[Source "ChessBase"]
[SourceDate "2023.10.10"]
[SourceVersion "1"]
[SourceVersionDate "2023.10.10"]
[SourceQuality "1"]
[WhiteTeam "ENG IMs"]
[BlackTeam "ENG FMs"]
[WhiteTeamCountry "ENG"]
[BlackTeamCountry "ENG"]

1. Nf3 Nf6 2. g3 g6 3. Bg2 Bg7 4. 0-0 c5 5. c3 d5 6. d4 Qa5 7. Nfd2 cxd4 8. Nb3 Qd8 9. cxd4 Ne4 10. f3 Nd6 11. e4 0-0 12. Nc3 e6 13. Bf4 Nc4 14. Qe2 Nc6 15. Rad1 a5 16. a4 b6 17. Qf2 Ba6 18. Rfe1 Ra7 19. Bf1 Nb4 20. h4 h6 21. Na1 dxe4 22. fxe4 Rd7 23. Nb3 e5 24. dxe5 Nxe5 25. Bxa6 Nxa6 26. Nd5 Nb4 27. Bxe5 Bxe5 28. Qxb6 Rxd5 29. Qxd8 Rdxd8 0-1

[Event "Skanderborg Smuk"]
[Site "Skanderborg"]
[Date "2023.08.14"]
[Round "3"]
[White "Fromm, Marius"]
[Black "Panjwani, Raja"]
[Result "1-0"]
[WhiteElo "2458"]
[BlackElo "2469"]
[PlyCount "75"]
[EventDate "2023.08.12"]
[EventType "tourn"]
[EventRounds "9"]
[EventCountry "DEN"]
[EventCategory "8"]
[SourceTitle "CBM 215 Extra"]
[Source "ChessBase"]
[SourceDate "2023.09.30"]
[SourceVersion "1"]
[SourceVersionDate "2023.09.30"]
[SourceQuality "1"]

1. e4 e5 2. Nf3 Nc6 3. Bc4 Bc5 4. d3 Nf6 5. 0-0 d6 6. c3 a6 7. Bb3 h6 8. Re1 Ba7 9. Nbd2 g5 10. Nc4 g4 11. Nfd2 h5 12. Nf1 h4 13. Be3 b5 14. Bxa7 bxc4 15. Ba4 Bd7 16. Be3 cxd3 17. Qxd3 Nb8 18. Bxd7+ Nbxd7 19. c4 Qb8 20. Rac1 Qb7 21. Nd2 g3 22. c5 gxf2+ 23. Bxf2 Qb5 24. Qf3 dxc5 25. Bxc5 h3 26. Bf2 Rg8 27. Qxh3 Ng4 28. Nc4 Ndf6 29. Qf3 Nxf2 30. Qxf6 Nd3 31. Rf1 Rf8 32. Rc3 Rd8 33. Kh1 Rd7 34. h3 Rd8 35. Rf5 Qa4 36. Rxe5+ Nxe5 37. Qxe5+ Kd7 38. Nb6+ 1-0

[Event "Leca da Palmeira 2nd"]
[Site "Leca da Palmeira"]
[Date "2023.08.03"]
[Round "6"]
[White "Panjwani, Raja"]
[Black "Dionisi, Thomas"]
[Result "1-0"]
[WhiteElo "2469"]
[BlackElo "2401"]
[PlyCount "79"]
[EventDate "2023.07.31"]
[EventType "swiss"]
[EventRounds "9"]
[EventCountry "POR"]
[SourceTitle "CBM 215 Extra"]
[Source "ChessBase"]
[SourceDate "2023.09.30"]
[SourceVersion "1"]
[SourceVersionDate "2023.09.30"]
[SourceQuality "1"]

1. d4 Nf6 2. c4 e6 3. Nc3 Bb4 4. e3 0-0 5. Bd3 c5 6. Nge2 cxd4 7. exd4 d5 8. cxd5 Nxd5 9. 0-0 Nc6 10. a3 Bd6 11. Re1 Nce7 12. Bc2 Bd7 13. Ne4 Bc7 14. Qd3 Ng6 15. Bg5 f6 16. Bd2 Bc6 17. Nc5 Qd6 18. Qh3 f5 19. Bb3 Rae8 20. Nd3 a5 21. g3 Qd8 22. Rad1 Qf6 23. Nc5 b6 24. Ba4 Bxa4 25. Nxa4 f4 26. Nac3 Nxc3 27. Bxc3 fxg3 28. fxg3 Qf3 29. Qg2 Qxg2+ 30. Kxg2 e5 31. d5 Bd6 32. Nc1 e4 33. Bd4 b5 34. Nb3 Rf5 35. Bg1 a4 36. Nc5 Rfe5 37. Nb7 Bc7 38. d6 Bd8 39. d7 Rf8 40. Nxd8 1-0

[Event "Leca da Palmeira 2nd"]
[Site "Leca da Palmeira"]
[Date "2023.08.02"]
[Round "4"]
[White "Panjwani, Raja"]
[Black "Perez Candelario, Manuel"]
[Result "0-1"]
[WhiteElo "2469"]
[BlackElo "2573"]
[PlyCount "128"]
[EventDate "2023.07.31"]
[EventType "swiss"]
[EventRounds "9"]
[EventCountry "POR"]
[SourceTitle "CBM 215 Extra"]
[Source "ChessBase"]
[SourceDate "2023.09.30"]
[SourceVersion "1"]
[SourceVersionDate "2023.09.30"]
[SourceQuality "1"]

1. d4 d5 2. c4 e6 3. Nc3 a6 4. cxd5 exd5 5. Nf3 h6 6. Qb3 Nf6 7. e4 Nxe4 8. Nxe4 dxe4 9. Bc4 Qe7 10. Ne5 Qb4+ 11. Bd2 Qxb3 12. Bxb3 Be6 13. d5 Nd7 14. dxe6 Nxe5 15. exf7+ Nxf7 16. Rc1 c6 17. Bc3 Be7 18. 0-0 Bf6 19. Rce1 Nd6 20. f3 Bxc3 21. bxc3 Rf8 22. fxe4 Ke7 23. e5 Nb5 24. Re3 Rxf1+ 25. Kxf1 Rf8+ 26. Ke2 Rf5 27. Kd3 Nc7 28. Rg3 Kf8 29. Ke4 Rf2 30. e6 Re2+ 31. Kd3 Rf2 32. e7+ Kxe7 33. Rxg7+ Kd6 34. Rg6+ Ke5 35. Rxh6 Rxg2 36. Rh7 Nd5 37. Rh5+ Kd6 38. Rh6+ Kc5 39. Rh5 b5 40. c4 bxc4+ 41. Bxc4 a5 42. Bb3 Rg4 43. Rh8 Rd4+ 44. Kc2 a4 45. Bxd5 cxd5 46. a3 Rf4 47. Ra8 Rf2+ 48. Kd1 Kb5 49. Rb8+ Kc4 50. Ke1 Rxh2 51. Rb4+ Kc3 52. Rxa4 Rh1+ 53. Kf2 d4 54. Ra8 d3 55. Rc8+ Kd2 56. a4 Rh5 57. Kf3 Rf5+ 58. Ke4 Ra5 59. Rh8 Rxa4+ 60. Kf3 Ra7 61. Rh1 Kc2 62. Rh8 d2 63. Rc8+ Kd1 64. Re8 Rc7 0-1

[Event "American Continental 17th"]
[Site "Juan Dolio"]
[Date "2023.05.19"]
[Round "7"]
[White "Meier, Georg"]
[Black "Panjwani, Raja"]
[Result "1-0"]
[WhiteElo "2614"]
[BlackElo "2485"]
[PlyCount "63"]
[EventDate "2023.05.15"]
[EventType "swiss"]
[EventRounds "11"]
[EventCountry "DOM"]
[SourceTitle "CBM 214 Extra"]
[Source "ChessBase"]
[SourceDate "2023.07.31"]
[SourceVersion "1"]
[SourceVersionDate "2023.07.31"]
[SourceQuality "1"]

1. e4 c5 2. Nf3 Nc6 3. Bb5 e6 4. Bxc6 bxc6 5. b3 d6 6. e5 f6 7. exd6 Bxd6 8. d3 Ne7 9. Nc3 Nd5 10. Ne4 Be7 11. 0-0 0-0 12. Ba3 Qa5 13. Bb2 e5 14. Nfd2 Be6 15. Nc4 Qc7 16. Ba3 Nb4 17. Qd2 Rab8 18. f3 Rfd8 19. Qf2 Bf8 20. Bb2 Na6 21. Rae1 Bf7 22. Re2 Bg6 23. Rfe1 Qf7 24. Bc1 Nb4 25. f4 Bh5 26. fxe5 Bxe2 27. Rxe2 Nd5 28. exf6 gxf6 29. Bb2 Be7 30. Ne3 Nxe3 31. Rxe3 Rd5 32. Qg3+ 1-0

[Event "American Continental 17th"]
[Site "Juan Dolio"]
[Date "2023.05.17"]
[Round "4"]
[White "Escobar Forero, Alder"]
[Black "Panjwani, Raja"]
[Result "1-0"]
[WhiteElo "2443"]
[BlackElo "2485"]
[PlyCount "139"]
[EventDate "2023.05.15"]
[EventType "swiss"]
[EventRounds "11"]
[EventCountry "DOM"]
[SourceTitle "CBM 214 Extra"]
[Source "ChessBase"]
[SourceDate "2023.07.31"]
[SourceVersion "1"]
[SourceVersionDate "2023.07.31"]
[SourceQuality "1"]

1. e4 c5 2. Nf3 Nc6 3. Bb5 e6 4. 0-0 Nge7 5. Re1 b6 6. c3 a6 7. Bxc6 Nxc6 8. d4 Bd6 9. d5 Ne7 10. Nbd2 Bb8 11. Nc4 b5 12. Ne3 0-0 13. a4 Bb7 14. b3 f5 15. c4 fxe4 16. Ng5 Nxd5 17. Nxd5 exd5 18. cxd5 Qf6 19. Ra2 Qe5 20. f4 Qxd5 21. Rd2 Qf5 22. Rxd7 Bc6 23. Re7 Bxf4 24. Bxf4 h6 25. Nh3 Rad8 26. Qa1 Rf7 27. Rxf7 Qxf7 28. axb5 axb5 29. Qe5 Rd5 30. Qb8+ Kh7 31. Be3 Rd3 32. Qe5 Rxb3 33. Qxc5 Qd5 34. Nf4 Qxc5 35. Bxc5 Rc3 36. Bd4 Rc4 37. Be3 b4 38. Rc1 Rxc1+ 39. Bxc1 b3 40. g3 g5 41. Ng2 Kg6 42. Kf2 h5 43. Ne3 g4 44. Ke1 Bd7 45. Kd2 h4 46. Kc3 Be6 47. Kd4 Bf5 48. Ke5 hxg3 49. hxg3 Bc8 50. Kxe4 Kh5 51. Kf4 Be6 52. Bb2 Bd7 53. Nd5 Kg6 54. Nf6 Be6 55. Nxg4 Kh5 56. Ne5 Kh6 57. g4 Bd5 58. Kf5 Kh7 59. Nd7 Bc4 60. Kf6 Bd3 61. Nf8+ Kg8 62. Ng6 Be2 63. Ne5 Bb5 64. Ng6 Kh7 65. Ne7 Bd3 66. g5 Bc4 67. Bc1 Kh8 68. g6 Bg8 69. Bh6 b2 70. Bg7# 1-0

[Event "Olympiad-44"]
[Site "Chennai"]
[Date "2022.08.09"]
[Round "11.2"]
[White "Albornoz Cabrera, Carlos Daniel"]
[Black "Panjwani, Raja"]
[Result "0-1"]
[WhiteElo "2566"]
[BlackElo "2450"]
[PlyCount "48"]
[EventDate "2022.07.29"]
[EventType "team-swiss"]
[EventRounds "11"]
[EventCountry "IND"]
[SourceTitle "CBM 210"]
[Source "ChessBase"]
[SourceDate "2022.10.31"]
[SourceVersion "1"]
[SourceVersionDate "2022.10.31"]
[SourceQuality "1"]
[WhiteTeam "Cuba"]
[BlackTeam "Canada"]
[WhiteTeamCountry "CUB"]
[BlackTeamCountry "CAN"]

1. e4 e5 2. Nf3 Nc6 3. Bb5 Nf6 4. d3 Bc5 5. c3 d5 6. exd5 Qxd5 7. Bc4 Qd6 8. b4 Bb6 9. Nbd2 Bf5 10. a4 Bxd3 11. a5 Bxf2+ 12. Kxf2 0-0-0 13. Bxd3 Qxd3 14. Re1 e4 15. Ng5 Qxc3 16. Ra3 Qd4+ 17. Kf1 Rd5 18. Nh3 Rf5+ 19. Ke2 Nd5 20. Qb3 e3 21. Nf3 Qg4 22. Kf1 Nd4 23. Qc4 Rxf3+ 24. Kg1 Rxh3 0-1

[Event "Biel HTO 55th"]
[Site "Biel"]
[Date "2022.07.21"]
[Round "8"]
[White "Panjwani, Raja"]
[Black "Banusz, Tamas"]
[Result "1/2-1/2"]
[WhiteElo "2450"]
[BlackElo "2611"]
[PlyCount "100"]
[EventDate "2022.07.13"]
[EventType "swiss"]
[EventRounds "9"]
[EventCountry "SUI"]
[SourceTitle "CBM 209 Extra"]
[Source "ChessBase"]
[SourceDate "2022.09.30"]
[SourceVersion "1"]
[SourceVersionDate "2022.09.30"]
[SourceQuality "1"]

1. d4 d5 2. c4 c6 3. Nf3 Nf6 4. e3 Bf5 5. Nc3 e6 6. Nh4 Bg6 7. Be2 Nbd7 8. 0-0 Bd6 9. g3 dxc4 10. Bxc4 Qe7 11. Bd2 Nb6 12. Be2 0-0 13. Nxg6 hxg6 14. Qc2 Rac8 15. Rac1 e5 16. dxe5 Bxe5 17. a4 Qe6 18. b3 Rfe8 19. Bf3 g5 20. Ne4 Nxe4 21. Bxe4 g6 22. Bg2 g4 23. a5 Nd5 24. Qc4 a6 25. e4 Nc7 26. Be3 Rcd8 27. Bb6 Rd7 28. h3 Nb5 29. Qxe6 Rxe6 30. hxg4 Bd4 31. Rfe1 Bxb6 32. axb6 Rd2 33. Red1 Red6 34. Rxd2 Rxd2 35. Bf1 Nd4 36. Bxa6 Nxb3 37. Rc3 Nd4 38. Rd3 Rxd3 39. Bxd3 Ne6 40. e5 Nc5 41. Bc4 Kf8 42. g5 Ke7 43. f4 Nd7 44. Kf2 Nxb6 45. Bb3 Nd7 46. Ke3 Nc5 47. Bd1 Ne6 48. Bf3 Kd7 49. Bg4 Ke7 50. Bxe6 fxe6 1/2-1/2

[Event "Biel HTO 55th"]
[Site "Biel"]
[Date "2022.07.19"]
[Round "6"]
[White "Panjwani, Raja"]
[Black "Tanmay, Chopra"]
[Result "1/2-1/2"]
[WhiteElo "2450"]
[BlackElo "2322"]
[PlyCount "55"]
[EventDate "2022.07.13"]
[EventType "swiss"]
[EventRounds "9"]
[EventCountry "SUI"]
[SourceTitle "CBM 209 Extra"]
[Source "ChessBase"]
[SourceDate "2022.09.30"]
[SourceVersion "1"]
[SourceVersionDate "2022.09.30"]
[SourceQuality "1"]

1. d4 Nf6 2. c4 e6 3. g3 d5 4. Nf3 dxc4 5. Bg2 c5 6. 0-0 Nc6 7. dxc5 Qxd1 8. Rxd1 Bxc5 9. Nbd2 c3 10. bxc3 0-0 11. Nb3 Be7 12. c4 Bd7 13. Bb2 Rfc8 14. Rac1 Be8 15. Nfd4 a6 16. Nxc6 Bxc6 17. Bxc6 Rxc6 18. Na5 Rc7 19. Be5 Rc5 20. Bxf6 gxf6 21. Rd7 Rxa5 22. Rxe7 Rxa2 23. Rxb7 Rxe2 24. Rd1 Rc2 25. Rdd7 Rf8 26. Rdc7 Kg7 27. Rb6 Kg6 28. Rxa6 1/2-1/2

[Event "Biel HTO 55th"]
[Site "Biel"]
[Date "2022.07.16"]
[Round "4"]
[White "Panjwani, Raja"]
[Black "Erdos, Viktor"]
[Result "1/2-1/2"]
[WhiteElo "2450"]
[BlackElo "2586"]
[PlyCount "28"]
[EventDate "2022.07.13"]
[EventType "swiss"]
[EventRounds "9"]
[EventCountry "SUI"]
[SourceTitle "CBM 209 Extra"]
[Source "ChessBase"]
[SourceDate "2022.09.30"]
[SourceVersion "1"]
[SourceVersionDate "2022.09.30"]
[SourceQuality "1"]

1. d4 Nf6 2. c4 g6 3. g3 Bg7 4. Bg2 c5 5. d5 0-0 6. Nc3 e6 7. Nf3 exd5 8. cxd5 d6 9. 0-0 Re8 10. h3 Ne4 11. Nxe4 Rxe4 12. Nd2 Re8 13. a4 Nd7 14. Ra2 b6 1/2-1/2

[Event "Biel HTO 55th"]
[Site "Biel"]
[Date "2022.07.15"]
[Round "3"]
[White "Iturrizaga Bonelli, Eduardo"]
[Black "Panjwani, Raja"]
[Result "1/2-1/2"]
[WhiteElo "2619"]
[BlackElo "2450"]
[PlyCount "33"]
[EventDate "2022.07.13"]
[EventType "swiss"]
[EventRounds "9"]
[EventCountry "SUI"]
[SourceTitle "CBM 209 Extra"]
[Source "ChessBase"]
[SourceDate "2022.09.30"]
[SourceVersion "1"]
[SourceVersionDate "2022.09.30"]
[SourceQuality "1"]

1. d4 Nf6 2. c4 g6 3. Nc3 Bg7 4. e4 d6 5. Be2 0-0 6. Be3 Nc6 7. Nf3 Ng4 8. Bg5 h6 9. Bh4 g5 10. Bg3 e5 11. d5 Nd4 12. h3 Nf6 13. Nxd4 exd4 14. Qxd4 Nh5 15. Qe3 Nxg3 16. fxg3 c5 17. dxc6 1/2-1/2

[Event "Kingston Canada zt"]
[Site "Kingston"]
[Date "2022.04.17"]
[Round "8"]
[White "Panjwani, Raja"]
[Black "Rodrigue Lemieux, Shawn"]
[Result "1/2-1/2"]
[WhiteElo "2448"]
[BlackElo "2342"]
[PlyCount "71"]
[EventDate "2022.04.13"]
[EventType "swiss"]
[EventRounds "9"]
[EventCountry "CAN"]
[SourceTitle "CBM 207 Extra"]
[Source "ChessBase"]
[SourceDate "2022.05.31"]
[SourceVersion "1"]
[SourceVersionDate "2022.05.31"]
[SourceQuality "1"]

1. d4 Nf6 2. c4 e6 3. Nc3 Bb4 4. e3 0-0 5. Bd3 d5 6. Nf3 c5 7. 0-0 cxd4 8. exd4 dxc4 9. Bxc4 b6 10. Qe2 Bb7 11. Rd1 Nc6 12. Bg5 Ne7 13. Ne5 Bxc3 14. bxc3 Ne4 15. Bh4 Nxc3 16. Qg4 Qd6 17. Rd3 Ne4 18. f3 f5 19. Qf4 Nd5 20. Bxd5 Bxd5 21. Rc1 Nf6 22. Rdc3 b5 23. Bxf6 Rxf6 24. Rc7 Bc4 25. Rd7 Qf8 26. Nxc4 bxc4 27. Rxc4 Rf7 28. Rcc7 Rxd7 29. Rxd7 Qf6 30. Qc7 a5 31. a4 h6 32. f4 Qf8 33. Re7 Qf6 34. Qd6 Rc8 35. h3 Rc4 36. Qxe6+ 1/2-1/2

[Event "Kingston Canada zt"]
[Site "Kingston"]
[Date "2022.04.14"]
[Round "2"]
[White "Plotkin, Victor"]
[Black "Panjwani, Raja"]
[Result "1/2-1/2"]
[WhiteElo "2278"]
[BlackElo "2448"]
[PlyCount "161"]
[EventDate "2022.04.13"]
[EventType "swiss"]
[EventRounds "9"]
[EventCountry "CAN"]
[SourceTitle "CBM 207 Extra"]
[Source "ChessBase"]
[SourceDate "2022.05.31"]
[SourceVersion "1"]
[SourceVersionDate "2022.05.31"]
[SourceQuality "1"]

1. e4 e5 2. Nf3 Nc6 3. Bc4 Nf6 4. d3 h6 5. Nc3 d6 6. d4 Bg4 7. Bb5 Nd7 8. dxe5 dxe5 9. Be3 Bd6 10. h3 Bxf3 11. Qxf3 Nd4 12. Qd1 c6 13. Be2 Qf6 14. 0-0 g5 15. Bh5 Nc5 16. Ne2 Nxe2+ 17. Qxe2 Ne6 18. Rad1 Bc5 19. Bxc5 Nxc5 20. Qc4 Ne6 21. Bg4 0-0 22. Bxe6 fxe6 23. Rd7 Rf7 24. Rxf7 Kxf7 25. Qc5 Rd8 26. Qxa7 Rd7 27. Qe3 Qf4 28. Re1 Rd2 29. Qxf4+ exf4 30. Rc1 Re2 31. f3 Kf6 32. a4 c5 33. b3 Rd2 34. c4 Rb2 35. Rc3 Ke5 36. Rd3 b6 37. Kf1 h5 38. Kg1 g4 39. hxg4 hxg4 40. fxg4 Kxe4 41. Rd6 e5 42. Rxb6 f3 43. gxf3+ Kxf3 44. g5 Rg2+ 45. Kf1 Rxg5 46. a5 Rh5 47. Rf6+ Ke3 48. a6 Rh1+ 49. Kg2 Ra1 50. Rc6 Kd4 51. Rd6+ Kc3 52. Rd5 Kb4 53. Rxe5 Rxa6 54. Kf3 Ra3 55. Ke2 Rxb3 56. Re4 Kc3 57. Rh4 Rb8 58. Rg4 Rb1 59. Rh4 Rc1 60. Rg4 Rc2+ 61. Kd1 Rh2 62. Rf4 Rd2+ 63. Kc1 Rd3 64. Rh4 Rd8 65. Rg4 Kd3 66. Rh4 Rg8 67. Rf4 Rg2 68. Rh4 Kc3 69. Kd1 Ra2 70. Rg4 Ra1+ 71. Ke2 Rc1 72. Rh4 Kb3 73. Kd2 Rc3 74. Rg4 Rxc4 75. Rxc4 Kxc4 76. Kc2 Kd4 77. Kd2 c4 78. Kc2 c3 79. Kc1 Ke3 80. Kc2 Kf2 81. Kxc3 1/2-1/2

[Event "San Jose Mission 360-A"]
[Site "San Jose"]
[Date "2022.03.27"]
[Round "5"]
[White "Panjwani, Raja"]
[Black "Stearman, Josiah P"]
[Result "1/2-1/2"]
[WhiteElo "2448"]
[BlackElo "2388"]
[PlyCount "149"]
[EventDate "2022.03.25"]
[EventType "tourn"]
[EventRounds "9"]
[EventCountry "USA"]
[EventCategory "8"]
[SourceTitle "CBM 207 Extra"]
[Source "ChessBase"]
[SourceDate "2022.05.31"]
[SourceVersion "1"]
[SourceVersionDate "2022.05.31"]
[SourceQuality "1"]

1. d4 d5 2. Nf3 Nf6 3. c4 c6 4. e3 Bf5 5. Nc3 e6 6. Nh4 Bg6 7. Nxg6 hxg6 8. Bd2 Nbd7 9. Rc1 Qc7 10. g3 a6 11. Qb3 dxc4 12. Qxc4 b5 13. Qe2 Qb6 14. Bg2 Rc8 15. 0-0 Be7 16. Ne4 0-0 17. Nxf6+ Bxf6 18. Rc2 Rc7 19. Rfc1 Rfc8 20. Qe1 Qb7 21. Bb4 Nb8 22. Ba5 Rd7 23. d5 exd5 24. Bh3 Re8 25. Bxd7 Nxd7 26. Qf1 c5 27. Qg2 Re4 28. Rd1 b4 29. Rcd2 d4 30. exd4 Bxd4 31. Re2 f5 32. Rxe4 fxe4 33. Re1 Nf6 34. Bd8 Bxb2 35. Bxf6 gxf6 36. Rxe4 Kg7 37. Re6 Qxg2+ 38. Kxg2 a5 39. Ra6 Kf7 40. Rxa5 Bd4 41. Kf3 Ke6 42. Ke4 f5+ 43. Kd3 Bxf2 44. Ra6+ Kf7 45. a4 bxa3 46. Rxa3 g5 47. Kc4 Kg6 48. Kd5 Kh5 49. Rf3 Bg1 50. h3 Bh2 51. Rxf5 Bxg3 52. Rf8 Be1 53. Rh8+ Kg6 54. Ke6 c4 55. Rg8+ Kh5 56. Kf5 Kh4 57. Re8 Bd2 58. Re4+ Kxh3 59. Rxc4 Bf4 60. Rc2 Kg3 61. Ra2 Kf3 62. Ra4 Be3 63. Rg4 Bf4 64. Rg1 Kf2 65. Rh1 Kg2 66. Rh5 Kf3 67. Rh3+ Ke2 68. Ra3 Kd2 69. Ke4 Kc2 70. Kf3 Kb2 71. Ra6 Kb3 72. Ke4 Kc3 73. Rg6 Kb4 74. Kd3 Kc5 75. Rxg5+ 1/2-1/2

[Event "San Jose Mission 360-A"]
[Site "San Jose"]
[Date "2022.03.26"]
[Round "3"]
[White "Panjwani, Raja"]
[Black "Shlyakhtenko, Robert"]
[Result "0-1"]
[WhiteElo "2448"]
[BlackElo "2389"]
[PlyCount "79"]
[EventDate "2022.03.25"]
[EventType "tourn"]
[EventRounds "9"]
[EventCountry "USA"]
[EventCategory "8"]
[SourceTitle "CBM 207 Extra"]
[Source "ChessBase"]
[SourceDate "2022.05.31"]
[SourceVersion "1"]
[SourceVersionDate "2022.05.31"]
[SourceQuality "1"]

1. d4 d5 2. Nf3 Nf6 3. c4 dxc4 4. e3 a6 5. Bxc4 e6 6. a4 c5 7. 0-0 Nc6 8. Qe2 Qc7 9. Nc3 Bd6 10. Bd2 0-0 11. Rac1 b6 12. Bd3 Bb7 13. Ne4 Nxe4 14. Bxe4 a5 15. Bc3 h6 16. h3 Rfd8 17. Rfd1 Rac8 18. dxc5 Bxc5 19. Rxd8+ Rxd8 20. Rd1 Rxd1+ 21. Qxd1 Bb4 22. Bxb4 Nxb4 23. Bxb7 Qxb7 24. Qd8+ Kh7 25. Ne5 Qd5 26. Nd7 h5 27. Qc7 Qd1+ 28. Kh2 Na6 29. Qb7 Qd6+ 30. f4 Nc5 31. Nxc5 Qxc5 32. Qxf7 Qxe3 33. Qxh5+ Kg8 34. Qe5 Qb3 35. Qb5 Qe3 36. Qc4 Kf7 37. Qc7+ Kf6 38. Qc3+ Qxc3 39. bxc3 b5 40. axb5 0-1

[Event "Charlotte CCCSA Spring GM-A"]
[Site "Charlotte"]
[Date "2022.03.20"]
[Round "8"]
[White "Panjwani, Raja"]
[Black "Ostrovskiy, Aleksandr A"]
[Result "1-0"]
[WhiteElo "2436"]
[BlackElo "2409"]
[PlyCount "115"]
[EventDate "2022.03.16"]
[EventType "tourn"]
[EventRounds "9"]
[EventCountry "USA"]
[EventCategory "8"]
[SourceTitle "CBM 207 Extra"]
[Source "ChessBase"]
[SourceDate "2022.05.31"]
[SourceVersion "1"]
[SourceVersionDate "2022.05.31"]
[SourceQuality "1"]

1. Nf3 d5 2. d4 e6 3. c4 a6 4. Bg5 Be7 5. Bxe7 Qxe7 6. Nbd2 Nf6 7. g3 b6 8. Bg2 Bb7 9. 0-0 c5 10. Rc1 Nbd7 11. Ne5 cxd4 12. Nxd7 Qxd7 13. Nf3 dxc4 14. Rxc4 Qd8 15. Rxd4 Qc7 16. Qa4+ b5 17. Qb4 Rc8 18. Rfd1 Qe7 19. a4 Qxb4 20. Rxb4 Nd5 21. Rb3 Bc6 22. axb5 Bxb5 23. Nd4 Ba4 24. Bxd5 Bxb3 25. Bxb3 Ke7 26. Ba4 Rc7 27. Nc6+ Kf6 28. f4 g5 29. Kf2 h5 30. e4 h4 31. e5+ Kg6 32. g4 gxf4 33. Kf3 Kg5 34. h3 Rhc8 35. Rd6 Rb7 36. b3 Rbc7 37. Ke4 Rb7 38. Rd3 Rb6 39. Rc3 Rb4+ 40. Rc4 Rb6 41. Kd3 Rc7 42. Nd4 Rxc4 43. Nf3+ Kh6 44. bxc4 Rb4 45. Bc2 a5 46. Kc3 Rb8 47. Nxh4 f6 48. exf6 Kg5 49. Nf3+ Kxf6 50. g5+ Ke7 51. h4 Kd6 52. h5 e5 53. g6 a4 54. g7 a3 55. c5+ Kxc5 56. Bb3 e4 57. Nd2 e3 58. Nf3 1-0